000 00529cam a2200193ua 4500
001 2207
008 110805n ii |||gr||||Z||||||eng
020 _a81-259-1056-5
040 _cMAIN
082 _a371.3
100 _aAgarwal, J. C.,
245 1 _aPrinciples, methods & technoques of teaching
_cby J. C. Agarwal
250 _a2nd.
260 _aNew Delhi:
_bVikas publishing house pvt. ltd,
_c2006.
300 _a427p:
_c23cm.
653 _aEducation
653 _aPrinciples, methods & technoques of teaching
942 _cBK
999 _c2075
_d2075